000 00658cam a2200229 4500500
005 20260405003232.0
041 _afre
042 _adc
100 1 0 _aPortevin, Catherine
_eauthor
245 0 0 _aBasculements. Mondes émergents, possibles désirables
260 _c2021.
500 _a94
690 _aCovid
690 _aCovid-19
690 _aFutur
690 _aHistoire
690 _aPandémie
690 _aPossible
690 _aPossibles
786 0 _nPhilosophie magazine | 147 | 3 | 2021-03-01 | p. 79-79 | 1951-1787
856 4 1 _uhttps://shs.cairn.info/magazine-philosophie-magazine-2021-3-page-79?lang=fr&redirect-ssocas=7080
999 _c2065615
_d2065615